ID magazine of international design.

Detalles Bibliográficos
Título anterior:Industrial design (New York, N.Y. : 1983)
Formato: Electrónico Revista
Lenguaje:inglés
Publicado: New York, N.Y. : Design Publications, 1984-
Materias:
Acceso en línea:Full text available from Research Library: 01/01/1998 to 12/31/2001

MARC

LEADER 00000nas a2200000 a 4500
001 ssj0002387
003 WaSeSS
005 20200512172242.0
006 m d
007 cr n
008 850610d19842010nyubn p s 0 a0eng c
010 |a  85643904   |z sn 90033602   |z sn 92034706  
016 7 |a 009209643  |2 Uk 
022 |l 0894-5373  |y 0894-5373 
032 |a 263020  |b USPS 
035 |a (WaSeSS)ssj0002387 
040 |a LUU  |b eng  |c LUU  |d DLC  |d NST  |d DLC  |d HUL  |d DLC  |d NST  |d NSD  |d DLC  |d NSD  |d NYG  |d COO  |d NSD  |d NST  |d ELM  |d NYG  |d NST  |d MYG  |d NSD  |d NST  |d CLU  |d NSD  |d IUL  |d NST  |d OCL  |d DLC  |d IUL  |d NSD  |d IUL  |d WAU  |d OCL  |d IUL  |d SYS  |d OCLCQ  |d CDS  |d LVB  |d ZCU  |d DLC  |d SINLB  |d GUA  |d OCLCQ  |d UKMGB  |d OCLCQ  |d OCLCF  |d OCLCO  |d SNC  |d AVA  |d GILDS  |d OCLCO  |d OCLCQ  |d WaSeSS 
042 |a pcc  |a nsdp 
050 0 0 |a TS1  |b .I515 
082 0 4 |a 745.2  |2 20 
130 0 |a ID (New York, N.Y. : 1984) 
210 0 |a ID  |b (N.Y.N.Y., 1984) 
222 0 |a ID  |b (New York, N.Y. 1984) 
245 1 0 |a ID  |h [electronic resource] :  |b magazine of international design. 
246 3 0 |a Magazine of international design 
246 1 |i Issues for <July/Aug. 1996-> have title:  |a I.D. 
246 1 3 |a Industrial design  |f Sept./Oct. 1984-Jan./Feb. 1988, Jan.-Feb. 1992- 
246 1 3 |a International design  |f Mar./Apr. 1988-Nov./Dec. 1991 
260 |a New York, N.Y. :  |b Design Publications,  |c 1984- 
310 |a 7 no. a year (bimonthly, except monthly in May and June),  |b May 2007- 
321 |a Bimonthly,  |b 1984- 
321 |a 8 no. a year (bimonthly, except monthly in May, June, Nov. & Dec.),  |b <1997>-Mar./Apr. 2007 
362 0 |a Vol. 31, no. 5 (Sept./Oct. 1984)- 
362 1 |a Ceased with v. 57, no. 1 (Jan./Feb. 2010). 
500 |a Title from cover. 
500 |a Subtitle varies. 
500 |a Publisher varies: International Design Holdings, Mar./Apr.-July/Aug. 1992; Magazine Publications, Sept./Oct. 1992-<1998>; Cincinnati, OH : F & W Publications, <2002-> 
506 |a License restrictions may limit access. 
580 |a July/Aug. called also: Annual design review, and issued also on CD-ROM as: I.D. annual design review, -1996; Interactive media design review, 1997- 
588 1 |a Vol. 57, no. 1 (Jan./Feb. 2010). 
650 0 |a Industrial design  |v Periodicals. 
650 6 |a Design  |v Périodiques. 
650 7 |a Industrial design.  |2 fast  |0 (OCoLC)fst01730190 
655 0 |a Electronic journals. 
780 0 0 |t Industrial design (New York, N.Y. : 1983)  |x 0883-8267  |w (DLC) 85643905  |w (OCoLC)10199042 
787 1 |t I.D. annual design review  |w (DLC)sn 96036882  |w (OCoLC)35719687 
787 1 |t Interactive media design review  |w (DLC)sn 97048274  |w (OCoLC)37257793 
850 |a AAP  |a AU  |a ArU  |a AzU  |a C  |a CLSU  |a CLU  |a CSt  |a CU-A  |a CU-S  |a CU-SB  |a CaOLU  |a CaOONM  |a CoFS  |a CoU  |a CtY  |a DGW  |a DLC  |a DeU  |a FU  |a GASU  |a IC  |a IaAS  |a IaU  |a IaU-L  |a InLP  |a InU  |a KMK  |a KPT  |a LU  |a MBU  |a MCM  |a MH-BA  |a MH-SD  |a MMeT  |a MiDW  |a MiEM  |a MiU  |a MnU  |a MoKL  |a MoKU  |a MoU  |a N  |a NBuU  |a NIC  |a NN  |a NNC  |a NSyU  |a NcD  |a NcRS  |a NcU  |a NjP  |a NjR  |a OC  |a OCU  |a OU  |a OkU  |a OrCS  |a PPD  |a PPi  |a PPiC  |a PU  |a TU  |a TxCM  |a TxHR  |a ULA  |a UPB  |a UU  |a ViBlbV  |a WaU 
853 3 3 |8 1  |a v.  |b no.  |u 6  |v r  |i (year)  |j (month/month)  |w b 
853 3 3 |8 2  |a v.  |b no.  |u 7  |i (year)  |j (month) 
853 3 3 |8 3  |a v.  |b no.  |u 8  |i (year)  |j (month) 
853 2 0 |8 4  |a v.  |b no.  |u 8  |v r  |i (year)  |j (month)  |w m  |x 01/02  |y pm01/02,03/04,05,06,07/08,09/10 
856 4 0 |z Full text available from Research Library: 01/01/1998 to 12/31/2001  |u https://search.proquest.com/publication/42211 
863 4 0 |8 1  |a <31>  |b <5>-  |i <1984>  |j <Sept./Oct.>-  |x provisional 
863 4 0 |8 2  |a <42>-  |i <1995>-  |x provisional 
863 4 0 |8 3  |a <44>  |i <1997>  |x provisional 
863 4 1 |8 4.1  |a <53>  |b <1>  |i <2006>  |j <01/02>